Magnetismo e hipnotismo : exposición de los fenómenos observados duranteel sueño nervioso provocado bajo el punto de vista clínico, psicológico, terapéutico y médico-legal /

El autor realiza un recorrido histórico en el desarrollo de la hipnosis, desde la utilización de la técnica por brujos y sacerdotes pasando por el redescubrimiento de doctrina del magnetismo por Mesmer hasta los estudios de Braid a mediados del siglo XVIII. La obra también explora las generalidades...

Descrizione completa

Salvato in:
Dettagli Bibliografici
Autore principale: Cullerre, Alexandre (autor)
Natura: Libro
Lingua:spagnolo
Edizione:4a edición
Soggetti:
Tags: Aggiungi Tag
Nessun Tag, puoi essere il primo ad aggiungerne!!

MARC

LEADER 00000nam^a2200000^a^4500
001 000375578
005 20250526000000.0
009 20260526142534.597
037 |a Acervo Xavier Clavigero 
041 |a ESP 
082 |a 154. 7  |b CUL 
100 |a Cullerre, Alexandre  |e (autor) 
245 1 0 |a Magnetismo e hipnotismo :  |b exposición de los fenómenos observados duranteel sueño nervioso provocado bajo el punto de vista clínico, psicológico, terapéutico y médico-legal /  |c A. Cullerre ; tr. por Enrique Simancas y Larse. 
250 |a 4a edición 
264 |a Madrid, España :  |b Imprenta Bailly-Baillière,  |c 1888, c1888 
300 |a 443 p. ;  |c 18.0 cm. 
336 |a texto  |b txt  |2 rdacontenido 
337 |a sin mediación  |b n  |2 rdamedio 
338 |a volumen  |b nc  |2 rdasoporte 
520 |a El autor realiza un recorrido histórico en el desarrollo de la hipnosis, desde la utilización de la técnica por brujos y sacerdotes pasando por el redescubrimiento de doctrina del magnetismo por Mesmer hasta los estudios de Braid a mediados del siglo XVIII. La obra también explora las generalidades fisiológicas y psicológicas de este estado de conciencia. 
561 |a Ex libris de Biblioteca Residencia S.J. Guadalajara 
561 |a Ex libris de Librería Porrúa Hnos. 
649 |a XX 
650 |a Autohipnosis 
650 |a Alucinaciones 
650 |a Sugestión 
650 |a Magnetismo -  |x Tema Principal 
650 |a Hipnoterapia 
650 |a Hipnosis -  |x Historia 
650 |a Hipnosis -  |x Tema Principal 
650 |a Estados de Conciencia 
650 |a Conciencia 
650 |a Psicología Cognitiva 
650 |a Psicoterapia 
650 |a Psicología -  |x Teoría 
650 |a Mesmer, Franz Anton 
650 |a Braid, James 
910 |a Fondo General 
920 |a Impresos - Libros 
930 |a Libros Antiguos y Raros 
905 |a 108 
901 |a 0500269599  |b IT2  |c LRA  |u 20250526 
902 |a https://opac.biblio.iteso.mx/vufind/Record/000375578